Sports Quiz

Random Sports or MLB Quiz

Big 4 Finals Rematches Quiz Stats

 Plays Quiz Updated Jan 13, 2018

Score 0/42 Timer 08:00
1 Play Today
Years Teams % Correct
NBACavaliers & Warriors
92.8%
NBALakers & Celtics
87.8%
NBALakers & Celtics
87.8%
NBALakers & Celtics
87.8%
NBALakers & Celtics
87.8%
NBASpurs & Heat
78.6%
NBABulls & Jazz
69.4%
NBALakers & Pistons
65.5%
NFLBills & Cowboys
61.5%
MLBYankees & Dodgers
61.1%
MLBYankees & Dodgers
61.1%
MLBYankees & Dodgers
61.1%
NBALakers & 76ers
51.5%
MLBYankees & Giants
46.6%
MLBYankees & Giants
46.6%
MLBYankees & Cardinals
40.8%
NHLPenguins & Red Wings
38.7%
NBALakers & Knicks
38.1%
NBALakers & Knicks
38.1%
NHLCanadiens & Maple Leafs
37.9%
NHLCanadiens & Bruins
36.6%
Years Teams % Correct
NHLBruins & Canadiens
36.6%
NHLCanadiens & Red Wings
35.1%
NHLIslanders & Oilers
33.8%
NBASuperSonics & Bullets
27.6%
MLBYankees & Braves
27.1%
NFLGiants & Packers
25.5%
NFLPackers & Giants
25.5%
NHLMaple Leafs & Red Wings
25.5%
NHLMaple Leafs & Red Wings
25.5%
MLBTigers & Cubs
25.2%
NBAHawks & Celtics
23.6%
NBAHawks & Celtics
23.6%
NFLGiants & Colts
21.2%
NFLBears & Giants
20.1%
NFLBrowns & Lions
18.9%
NHLRangers & Maple Leafs
17.5%
NHLBlues & Canadiens
17.1%
NFLBears & Redskins
15.4%
MLBA's & Cardinals
14.2%
NFLRams & Browns
9.3%
NFLEagles & Cardinals
6.6%

You're not logged in!

Compare scores with friends on all Sporcle quizzes.
OR
Log In

You Might Also Like...

Show Comments

Extras

Top Quizzes Today


Score Distribution

Your Account Isn't Verified!

In order to create a playlist on Sporcle, you need to verify the email address you used during registration. Go to your Sporcle Settings to finish the process.

Report this User

Report this user for behavior that violates our Community Guidelines.

Details: